| 000 | 00353nam a2200133Ia 4500 | ||
|---|---|---|---|
| 008 | 150202s9999 xx 000 0 und d | ||
| 020 | _a515109053 | ||
| 050 |
_aFIC _bFIC |
||
| 100 | _aRovin, Jeff. | ||
| 245 |
_aLuke-Mania Jason-fever / _cJeff Rovin. |
||
| 260 |
_aNew York : _bJove Books _c1991. |
||
| 300 |
_a141 pages : _c18 cm. |
||
| 650 | _aFiction. | ||
| 999 |
_c282362 _d282362 |
||